000 01029nam a2200313 a 4500
001 000112737
003 CHAP
005 20220329144319.0
008 161021s2012 mx a |r| ||||||spa d
010 _a109198
011 _a110170
020 _a9786079260002
040 _cCHAP
082 0 4 _a638.2
_bT67
245 0 0 _aTópicos selectos de sericultura :
_bmemoria de los talleres del proyecto fomix-Hidalgo 2009-131264 /
_cpor Alejandro Rodríguez Ortega ...[et al.].
260 _aMéxico :
_b[s. n.],
_c2012.
300 _a89 p. :
_bil.
590 _aBATCH-UPD
_b05
_c20161021
_lUCH01
_h0952
590 _aE5765TAJ
_b05
_c20161021
_lUCH01
_h0951
650 1 4 _aGusano de seda
_xFisiología y morfología.
_9131160
650 1 4 _aGusano de seda
_xProducción.
_9131161
650 1 4 _aMorus alba
_xEnfermedades.
_9131159
650 1 4 _aMorus alba
_xPlagas.
_9131158
650 1 4 _aSeda
_xAspectos económicos
_zMéxico.
_9131162
700 0 _aRodríguez Ortega, Alejandro.
_998757
901 _aBK
942 _cLIBRO
942 _n0
999 _c109198
_d109198